000 00645nam a22002057a 4500
008 150408b xxu||||| |||| 00| 0 eng d
020 _a9780071799522
020 _a0071799524
041 0 _aeng
080 _a658
100 1 _aUmlas, Judith W.
245 1 0 _aGrateful leadership :
_cJudith W. Umlas, Senior Vice President, International Institute for Learning, Inc.
250 _a1st. Edition
300 _a239 f.:
_c24 cm.
505 _aIndex: f.233-239
650 0 _aOrganizim
650 0 _aMotivim
650 0 _aPunonjësit
942 _2udc
_cBK
999 _c664
_d664